Le franc CFA - Statistiques

Statistiques générales
  • Ce quiz a été pris 40 fois
  • Le résultat moyen est 14 sur 16
Statistiques - réponses
Zone Pays % Correct
UEMOA Sénégal
100%
CEMAC République du Congo
97%
UEMOA Côte d'Ivoire
94%
Plus en vigueur Guinée
94%
UEMOA Niger
91%
UEMOA Togo
91%
UEMOA Bénin
88%
UEMOA Mali
88%
CEMAC Gabon
84%
CEMAC Tchad
84%
UEMOA Burkina Faso
81%
CEMAC Cameroun
81%
CEMAC République centrafricaine
78%
Plus en vigueur Mauritanie
75%
CEMAC Guinée équatoriale
72%
UEMOA Guinée-Bissau
69%
Aucun quiz correspondant
Distribution des résultats
% des personnes avec chaque résultat
Percentile par nombre de réponses
Votre historique - résultats
Vous n’avez pas pris ce quiz